UBT Library

Entrepreneurship 01/02 (Record no. 1062)

000 -LEADER
fixed length control field 00492nam a22001937a 4500
008 - FIXED-LENGTH DATA ELEMENTS--GENERAL INFORMATION
fixed length control field 150622b xxu||||| |||| 00| 0 eng d
020 ## - INTERNATIONAL STANDARD BOOK NUMBER
International Standard Book Number 0072433639
041 0# - LANGUAGE CODE
Language code of text/sound track or separate title eng
080 ## - UNIVERSAL DECIMAL CLASSIFICATION NUMBER
Universal Decimal Classification number 658.15
100 ## - Rafti
Rafti Price, Robert W.'
245 ## - TITLE STATEMENT
Title Entrepreneurship 01/02
Statement of responsibility, etc Robert W. Price;
250 ## -
-- 3rd Edition
260 ## -
-- USA:
-- McGraw-Hill;
-- 2001.
300 ## -
-- 229 f.:
-- me il.;
-- 25 cm.
505 ## -
-- Index: f. 225-229
650 #0 -
-- Ndërmarrësi
650 #0 -
-- Organizim
942 ## - ADDED ENTRY ELEMENTS (KOHA)
Source of classification or shelving scheme
Item type Books
Holdings
Withdrawn status Lost status Source of classification or shelving scheme Damaged status Not for loan Collection code Permanent location Current location Shelving location Date acquired Total Checkouts Full call number Date last seen Price effective from Koha item type Barcode
          Koleksioni i përgjithshem UBT - Lipjan UBT - Lipjan Koleksioni i përgjithshem 10/20/2015   331 PRI 10/20/2017 10/20/2015 Books 002-008428
          Koleksioni i përgjithshem UBT - Lipjan UBT - Lipjan Koleksioni i përgjithshem 10/20/2017   338 FRI 10/20/2017 10/20/2017 Books 002-2934023
          Koleksioni i përgjithshem UBT - Lipjan UBT - Lipjan Koleksioni i përgjithshem 10/20/2017   338 FRI 10/20/2017 10/20/2017 Books 002-2934028
          Koleksioni i përgjithshem UBT - Lipjan UBT - Lipjan Koleksioni i përgjithshem 10/20/2017   338 FRI 10/20/2017 10/20/2017 Books 002-2934002
          Koleksioni i përgjithshem UBT - Lipjan UBT - Lipjan Koleksioni i përgjithshem 10/20/2017   338 FRI 10/20/2017 10/20/2017 Books 002-2934058
          Koleksioni i përgjithshem UBT - Prishtine UBT - Prishtine Koleksioni i përgjithshem 06/22/2015   331 PRI 06/22/2015 06/22/2015 Books  
UBT Library © 2015-2024. All rights reserved University Education for Business and Technology